| 000 | 00892cam a2200229 a 4500 | ||
|---|---|---|---|
| 001 | 000018964 | ||
| 005 | 20250717131055.0 | ||
| 008 | 100521s1988 xxu r 000 0 spa d | ||
| 040 |
_aDO-SdBNP _bspa _cBNPHU |
||
| 082 |
_a268.6 _bT225c |
||
| 100 | 1 |
_aTaulman, James E. _940801 |
|
| 240 | 0 | _aEncourangers: the sunday school worker´s counseling ministry | |
| 245 | 1 | 0 |
_aComprender, aconsejar / _cJames E. Taulman ; traducción Floreal Ureta, revisión y adaptación Nelly de González, prólogo Wayne E. Oates. |
| 246 | 1 | 1 |
_aComprender, aconsejarEncourangers _boportunidad para maestros y líderes |
| 260 |
_aTexas : _bCasa Bautista, _c1988. |
||
| 300 |
_a90 p. il. ; _c21 cm. |
||
| 650 | 0 |
_aEducación religiosa _9682 |
|
| 650 | 0 |
_aEnseñanza programada _940802 |
|
| 700 | 1 |
_aUreta, Floreal _etr. _938378 |
|
| 700 | 1 |
_aGonzález, Nelly de, _940803 |
|
| 700 | 1 |
_aOates, Wayne E. _epról. _940804 |
|
| 999 |
_c18482 _d18482 |
||